Sports Quiz

Random Sports or Soccer Quiz

Euro 2012 Squads Blitz (A-Z) Quiz Stats

 Plays Quiz Updated Jun 9, 2012

Challenge
Share
Tweet
Embed
Score 0/25 Timer 05:00
4 Plays Today
Letter Player % Correct
RRosicky, Robben, Ribery...
94.2%
CCech, Casillas, Cole...
84.4%
BBendtner, Baros, Balotelli...
80.4%
GGomez, Giroud, Gekas...
77.9%
LLewandowski, Lahm, Larsson...
76.7%
PPirlo, Pepe, Pavlyuchenko...
76.4%
MModric, Meireles, McGeady...
73.6%
AArshavin, Agger, Arbeloa...
72.8%
TTorres, Tymoshchuk, Terry...
71.7%
XXavi
69.3%
IIbrahimovic, Iniesta, Izmailov...
69.2%
KKlose, Karagounis, Kranjcar...
68.4%
SSzczesny, Samaras...
68.1%
Letter Player % Correct
HHuntelaar, Hart, Hummels...
65.1%
VValdes, van Persie, Voronin...
63.8%
NNasri, Negredo, Neuer...
62.9%
DDuff, De Rossi, Dzagoev...
62%
OOlic, Ozil, O'Shea...
59.3%
JJelavic, Jacobsen, Jagielka...
59.3%
WWalcott, Wiese, Wernbloom...
56.5%
YYarmolenko, Young
39.4%
EEduardo, Eriksen, Elmander...
37.1%
FFabregas, Fotakis, Forde...
33.4%
QQuaresma
24.4%
ZZhirkov, Zyryanov, Zieler...
19.8%

You're not logged in!

Compare scores with friends on all Sporcle quizzes.
Join for Free
OR
Log In

You Might Also Like...

Show Comments

Extras

Top Quizzes Today


Score Distribution

Your Account Isn't Verified!

In order to create a playlist on Sporcle, you need to verify the email address you used during registration. Go to your Sporcle Settings to finish the process.

Report this User

Report this user for behavior that violates our Community Guidelines.

Details: